Bangālī Musalmānon̲ kī ṣad sālah jahd-i āzādī. (Record no. 79882)

MARC details
000 -LEADER
fixed length control field 00723cam a22002531 4500
001 - CONTROL NUMBER
control field sa 68003967
003 - CONTROL NUMBER IDENTIFIER
control field DLC
005 - DATE AND TIME OF LATEST TRANSACTION
control field 20260227112458.0
008 - FIXED-LENGTH DATA ELEMENTS--GENERAL INFORMATION
fixed length control field 890918s1967 pk b 000 0 urdr
010 ## - LIBRARY OF CONGRESS CONTROL NUMBER
LC control number sa 68003967
035 ## - SYSTEM CONTROL NUMBER
System control number (OCoLC)20360675
040 ## - CATALOGING SOURCE
Original cataloging agency DLC
Transcribing agency WaU
Modifying agency DLC
042 ## - AUTHENTICATION CODE
Authentication code premarc
043 ## - GEOGRAPHIC AREA CODE
Geographic area code a-ii---
050 00 - LIBRARY OF CONGRESS CALL NUMBER
Classification number DS485.B48
Item number M28
100 1# - MAIN ENTRY--PERSONAL NAME
Personal name Malik, Abdullah,
Dates associated with a name 1920-2003.
245 10 - TITLE STATEMENT
Title Bangālī Musalmānon̲ kī ṣad sālah jahd-i āzādī.
260 ## - PUBLICATION, DISTRIBUTION, ETC.
Place of publication, distribution, etc. Lahore,
Name of publisher, distributor, etc. Majlis-i Taraqqī-yi Adab
Date of publication, distribution, etc. [1967]
300 ## - PHYSICAL DESCRIPTION
Extent 483 p.
Dimensions 25 cm.
500 ## - GENERAL NOTE
General note In Urdu.
504 ## - BIBLIOGRAPHY, ETC. NOTE
Bibliography, etc. note Bibliography: p. 481-483.
650 #0 - SUBJECT ADDED ENTRY--TOPICAL TERM
Topical term or geographic name entry element Muslims
Geographic subdivision India
-- Bengal.
651 #0 - SUBJECT ADDED ENTRY--GEOGRAPHIC NAME
Geographic name India
General subdivision Politics and government
Chronological subdivision 1765-1947.

No items available.

Powered by Koha